Agriculture
Saved in:
| Main Author: | |
|---|---|
| Other Authors: | |
| Format: | Book |
| Language: | Greek |
| Published: |
Newbury, Berkshire :
Express Publishing,
2011
|
| Series: | Career paths
|
| Subjects: | |
| Tags: |
Add Tag
No Tags, Be the first to tag this record!
|
MARC
| LEADER | 00000nam a2200000 i 4500 | ||
|---|---|---|---|
| 001 | 1/28902 | ||
| 008 | 130423s2011 gre d | ||
| 020 | |a 978-1-78098-378-3 (CD) | ||
| 020 | |a 978-1-78098-380-6 | ||
| 035 | |l 10114278 | ||
| 040 | |a GR-MY-UA |b gre |e aacr | ||
| 041 | 0 | |a gre | |
| 082 | 7 | |a 428.24 |2 (22) | |
| 100 | 1 | |a O'Sullivan, Neil. | |
| 245 | 1 | 0 | |a Agriculture / |c Neil O' Sullivan, James D. Libbin |
| 246 | 1 | |a Career paths | |
| 260 | |a Newbury, Berkshire : |b Express Publishing, |c 2011 | ||
| 300 | |a 1 τ. (διάφ. αριθμ.); |b εικ.; |c 30 εκ.+ |e 2 CD | ||
| 490 | 1 | |a (Career paths) | |
| 650 | 0 | 0 | |a English language |x Technical English |x Study and teaching. |
| 700 | 1 | |a Libbin, James D. | |
| 830 | 0 | |a Career paths | |
| 852 | |a INST |b LEMNOS |e 20230308 |h 428.24 ΠΑΓ |p 005600003234 |q 005600003234 |t BK |y 0 | ||
| 852 | |a INST |b LEMNOS |c EUDOXUS |e 20130423 |h 428.24 SUL |p 005600000800 |q 005600000800 |t EDX |y 0 | ||
| 852 | |a INST |b LEMNOS |c EUDOXUS |e 20130423 |h 428.24 SUL |p 005600000808 |q 005600000808 |t EDX |y 0 | ||
| 852 | |a INST |b LEMNOS |c EUDOXUS |e 20170921 |h 428.24 SUL |p 005600002677 |q 005600002677 |t EDX |y 0 | ||
| 852 | |a INST |b LEMNOS |c EUDOXUS |e 20130423 |h 428.24 SUL |p 005600000803 |q 005600000803 |t EDX |y 0 | ||
| 852 | |a INST |b LEMNOS |c EUDOXUS |e 20130423 |h 428.24 SUL |p 005600000812 |q 005600000812 |t EDX |y 0 | ||
| 901 | |a BIBL6-2013-1 | ||
| 909 | |a Μ |b 161078 | ||
| 909 | |a Μ |b 161080 | ||
| 909 | |a Μ |b 161084 | ||
| 920 | |a ΕΥΔΟΞΟΣ |b ΕΠΙΣΤΡΟΦΗ |y ΛΗΜΝΟΣ-ΤΕΤΔ |z 2013-04 | ||
| 920 | |a ΕΥΔΟΞΟΣ |b ΠΑΡΑΓΓΕΛΙΑ |y ΛΗΜΝΟΣ-ΤΕΤΔ |z 2013-02 | ||
| 920 | |a Εύδοξος |b Παραγγελία |y Λήμνος-ΤΕΤΔ |z 2016-12 | ||
| 970 | |a ΤΣΟΥΚΑΛΑ |b ΑΛΙΚΗ |z 2013/01/ | ||